Getting agriculture moving : (Record no. 5947)

MARC details
000 -LEADER
fixed length control field 00645cam a22001931 4500
001 - CONTROL NUMBER
control field BD-DhSAU 5947
003 - CONTROL NUMBER IDENTIFIER
control field BD-DhSAU
005 - DATE AND TIME OF LATEST TRANSACTION
control field 20150430104907.0
008 - FIXED-LENGTH DATA ELEMENTS--GENERAL INFORMATION
fixed length control field 050110s1966 nyua 000 0 eng
040 ## - CATALOGING SOURCE
Original cataloging agency BD-DhSAU
082 ## - DEWEY DECIMAL CLASSIFICATION NUMBER
Edition number 22
Classification number 630.9
Item number MOG
100 1# - MAIN ENTRY--PERSONAL NAME
Personal name Mosher, Arthur Theodore,
245 10 - TITLE STATEMENT
Title Getting agriculture moving :
Remainder of title essentials for development and modernization /
Statement of responsibility, etc. by Arthur T. Mosher.
260 ## - PUBLICATION, DISTRIBUTION, ETC. (IMPRINT)
Place of publication, distribution, etc. New York :
Name of publisher, distributor, etc. Published for the Agricultural Development Council by Praeger ,
Date of publication, distribution, etc. c1966.
300 ## - PHYSICAL DESCRIPTION
Extent 191 p.:
Other physical details ill. ;
Dimensions 23 cm.
590 ## - Name of Cataloguer
Name of Cataloger IMRAN
650 #0 - SUBJECT ADDED ENTRY--TOPICAL TERM
Topical term or geographic name as entry element Agriculture and state.
710 2# - ADDED ENTRY--CORPORATE NAME
Corporate name or jurisdiction name as entry element Agricultural Development Council.
942 ## - ADDED ENTRY ELEMENTS (KOHA)
Source of classification or shelving scheme Dewey Decimal Classification
Koha item type Book
Holdings
Withdrawn status Lost status Source of classification or shelving scheme Damaged status Not for loan Collection code Home library Branch Name Shelving location Date acquired Total Checkouts Full call number Barcode Date last seen Price effective from Koha item type
    Dewey Decimal Classification   Not For Loan Reference SAU Library SAU Library Reference 09/04/2006   630.9 MOG 31699 30/04/2015 30/04/2015 Book
    Dewey Decimal Classification   Not For Loan   SAU Library SAU Library Reference 11/11/1982   630.9 MOG 6046 28/05/2015 28/05/2015 Book